000 00540nam a22002177a 4500
003 UA-OsUOA
001 108588
007 ta
008 20141103b un ||||| |||| 00| 0 ukr d
100 _aКушерець В.
090 _a82
_bК96
942 _cSA
040 _aUA-OsUOA
_bukr
_cUA-OsUOA
_dUA-OsUOA
245 _aШевченко - проти імперії
300 _aС.6-7
955 _a0
041 _aukr
080 _a82
773 0 _w108586
650 7 _a82 Література. Літературознавство
_2UDC
999 _c394504
_d394504